| 000 | 00511nam a2200181Ia 4500 | ||
|---|---|---|---|
| 001 | 17403 | ||
| 005 | 20260306171515.0 | ||
| 008 | 260306s9999||||xx |||||||||||||| ||und|| | ||
| 041 | _aESP | ||
| 082 |
_a657.837 _bV13 |
||
| 100 |
_aVacas Guerrero, Catalina _eAUT |
||
| 245 | 0 |
_aCurso básico de contabilidad financiera: _bedición especialmente dirigida a empresas del sector turístico |
|
| 260 | _c2000 | ||
| 300 |
_a547 páginas : _c23 cm. |
||
| 650 | _aGEN | ||
| 654 | _aCCO | ||
| 942 |
_cLIB _dJUS _fJUS _2ddc _n |
||
| 999 |
_c17403 _d17403 |
||